|
|
|
|
| LEADER |
00731cam a2200181 7i4500 |
| 001 |
0000046449 |
| 005 |
20140305090000.0 |
| 020 |
|
|
|a 97898211012248 (pbk.)
|
| 090 |
0 |
0 |
|a HC59.7
|b .M34 2010
|
| 110 |
2 |
|
|a MDG Gap Task Force
|
| 245 |
1 |
4 |
|a The global partnership for development at a critical juncture :
|b millennium development goal 8
|c MDG Gap Task Report.
|
| 260 |
|
|
|a New York:
|b United Nations,
|c 2010.
|
| 300 |
|
|
|a xviii, 80 p.:
|b ill.;
|c 27 cm.
|
| 490 |
0 |
|
|a MDG Gap Task Force report;
|v 2010
|
| 650 |
0 |
0 |
|a Economic assistance --
|x Developing countries
|
| 650 |
0 |
0 |
|a Economic development --
|x Developing countries
|
| 650 |
0 |
0 |
|a Developing countries --
|x Economic conditions
|
| 999 |
|
|
|a 0000057607
|b BOK
|c CONFERENCE
|e 1st Floor, Bestari Jaya
|